[Event "7th Tournament of Peace"]
[Site "Zagreb CRO"]
[Date "2021.10.05"]
[Round "1"]
[White "Inarkiev, Ernesto"]
[Black "Bacrot, Etienne"]
[Result "1/2-1/2"]
[WhiteElo "2668"]
[BlackElo "2658"]
[EventDate "2021.10.05"]
[PlyCount "100"]

1.d4 d5 2.c4 e6 3.Nf3 Nf6 4.g3 Be7 5.Bg2 O-O 6.O-O c6 7.b3 b6 8.a4 Ba6 9.
Nc3 Nbd7 10.cxd5 cxd5 11.Bf4 Nh5 12.Be3 Nhf6 13.Rc1 Bb7 14.Ne5 Rc8 15.f4 
Ne4 16.Qd3 Nxe5 17.fxe5 Ba3 18.Rc2 Qc7 19.Bd2 Nxd2 20.Qxd2 Ba6 21.Rb1 Bb4 
22.Rbc1 Qe7 23.e3 Qg5 24.Bf3 f6 25.Be2 Bxe2 26.Qxe2 Rxc3 27.Rxc3 Bxc3 28.
Rxc3 fxe5 29.Rc7 Qf5 30.dxe5 a5 31.Rc6 Qxe5 32.Kg2 Qe4+ 33.Kh3 Qf5+ 34.Qg4
Qf1+ 35.Kh4 Qf6+ 36.Kh3 Re8 37.Qf4 Qg6 38.Qe5 h5 39.Rxb6 Kh7 40.Kg2 Qc2+ 
41.Kh3 Qg6 42.Kg2 Rf8 43.Rxe6 Qc2+ 44.Kh3 Rf5 45.Rc6 Qd3 46.Qe7 Rf2 47.Qe6
Rf6 48.Qd7 Rf2 49.Qe6 Rf6 50.Qd7 Rf2 1/2-1/2

[Event "7th Tournament of Peace"]
[Site "Zagreb CRO"]
[Date "2021.10.05"]
[Round "1"]
[White "Kovalenko, Igor"]
[Black "Zelcic, Robert"]
[Result "1-0"]
[WhiteElo "2647"]
[BlackElo "2522"]
[EventDate "2021.10.05"]
[PlyCount "61"]

1.d4 Nf6 2.c4 e6 3.Nc3 Bb4 4.e3 c5 5.Bd3 b6 6.Nf3 Bb7 7.O-O O-O 8.Na4 cxd4
9.exd4 Re8 10.Bf4 Bf8 11.Re1 d6 12.Nc3 Nbd7 13.Rc1 a6 14.a3 g6 15.Bg5 Rc8 
16.b4 Rc7 17.Nd2 Qa8 18.Bf1 Bg7 19.Be3 Rec8 20.h3 Nh5 21.Qb3 d5 22.g4 dxc4
23.Nxc4 e5 24.Nd6 Rf8 25.Nxb7 exd4 26.Nd5 Rxb7 27.Bg5 Nhf6 28.Nxf6+ Nxf6 
29.Bg2 Qb8 30.Qf3 d3 31.Qxb7 1-0

[Event "7th Tournament of Peace"]
[Site "Zagreb CRO"]
[Date "2021.10.05"]
[Round "1"]
[White "Movsesian, Sergei"]
[Black "Bosiocic, Marin"]
[Result "1-0"]
[WhiteElo "2627"]
[BlackElo "2573"]
[EventDate "2021.10.05"]
[PlyCount "73"]

1.c4 e5 2.g3 c6 3.Bg2 d5 4.d4 e4 5.Nc3 Bb4 6.Nh3 h6 7.Qb3 a5 8.cxd5 cxd5 
9.O-O Nf6 10.Nf4 Bxc3 11.bxc3 O-O 12.f3 a4 13.Qa3 Re8 14.Rb1 Nc6 15.g4 g5 
16.Nh3 e3 17.Kh1 Ra5 18.Rd1 h5 19.gxh5 Nxh5 20.Rg1 f6 21.Bf1 Re7 22.c4 
Bxh3 23.Bxh3 Nxd4 24.Qd3 Nxe2 25.Qg6+ Ng7 26.Rxb7 Ra6 27.Rxe7 Qxe7 28.Bf5 
Nxg1 29.Qh7+ Kf7 30.cxd5 Qc5 31.Bg6+ Ke7 32.Qxg7+ Kd8 33.Bf5 Qxd5 34.Qf8+ 
Kc7 35.Qc8+ Kb6 36.Bxe3+ Kb5 37.Be4 1-0

[Event "7th Tournament of Peace"]
[Site "Zagreb CRO"]
[Date "2021.10.05"]
[Round "1"]
[White "Palac, Mladen"]
[Black "Brkic, Ante"]
[Result "1/2-1/2"]
[WhiteElo "2517"]
[BlackElo "2621"]
[EventDate "2021.10.05"]
[PlyCount "49"]

1.e4 e5 2.Nf3 Nc6 3.Bb5 a6 4.Ba4 Nf6 5.O-O Nxe4 6.d4 b5 7.Bb3 d5 8.dxe5 
Be6 9.Qe2 Nc5 10.Rd1 Nxb3 11.axb3 Be7 12.c4 b4 13.Nbd2 Qd7 14.Nf1 O-O 15.
Bg5 Rfd8 16.cxd5 Bxd5 17.Ne3 Bxf3 18.Qxf3 Qe8 19.Bxe7 Nxe5 20.Qe4 Qxe7 21.
Nd5 Qd6 22.Qxb4 Qxb4 23.Nxb4 Rxd1+ 24.Rxd1 Kf8 25.Rd5 1/2-1/2

[Event "7th Tournament of Peace"]
[Site "Zagreb CRO"]
[Date "2021.10.05"]
[Round "1"]
[White "Stevic, Hrvoje"]
[Black "Kozul, Zdenko"]
[Result "1/2-1/2"]
[WhiteElo "2570"]
[BlackElo "2601"]
[EventDate "2021.10.05"]
[PlyCount "42"]

1.e4 c5 2.c3 Nf6 3.e5 Nd5 4.Nf3 e6 5.d4 cxd4 6.cxd4 d6 7.Bc4 Be7 8.O-O O-O
9.Re1 dxe5 10.dxe5 b6 11.Bxd5 Qxd5 12.Qxd5 exd5 13.Nc3 Bb4 14.Bd2 Bxc3 15.
Bxc3 Nc6 16.Rac1 Be6 17.Nd4 Nxd4 18.Bxd4 Rfc8 19.f3 h5 20.Kf2 Kf8 21.Ke3 
Ke8 1/2-1/2

[Event "7th Tournament of Peace"]
[Site "Zagreb CRO"]
[Date "2021.10.06"]
[Round "2"]
[White "Bacrot, Etienne"]
[Black "Palac, Mladen"]
[Result "1/2-1/2"]
[WhiteElo "2658"]
[BlackElo "2517"]
[EventDate "2021.10.05"]
[PlyCount "60"]

1.e4 c5 2.Nf3 d6 3.d4 cxd4 4.Nxd4 Nf6 5.Nc3 a6 6.Rg1 e5 7.Nb3 h5 8.h3 Be6 
9.Qf3 Be7 10.Be3 Nbd7 11.O-O-O Rc8 12.Kb1 g6 13.Nd5 Nxd5 14.exd5 Bf5 15.
Bd3 Bxd3 16.Rxd3 h4 17.Qe2 f5 18.f4 Kf7 19.Bc1 Qb6 20.Rdd1 Bf6 21.g4 hxg3 
22.Rxg3 Bh4 23.Rg2 Qb5 24.Qd2 Bf6 25.Rdg1 Rcg8 26.Qe3 a5 27.fxe5 dxe5 28.
c4 Qxc4 29.Nxa5 Qb5 30.Nb3 Nb6 1/2-1/2

[Event "7th Tournament of Peace"]
[Site "Zagreb CRO"]
[Date "2021.10.06"]
[Round "2"]
[White "Bosiocic, Marin"]
[Black "Kovalenko, Igor"]
[Result "1-0"]
[WhiteElo "2573"]
[BlackElo "2647"]
[EventDate "2021.10.05"]
[PlyCount "117"]

1.e4 e6 2.d4 d5 3.e5 c5 4.c3 Ne7 5.Na3 Nec6 6.Nc2 b6 7.a3 a5 8.Rb1 Ba6 9.
Bxa6 Nxa6 10.Nh3 Nc7 11.O-O b5 12.Qg4 Qd7 13.Bg5 h6 14.Bh4 cxd4 15.cxd4 b4
16.Nf4 g5 17.Nh5 Be7 18.Bg3 O-O-O 19.Qf3 Kb8 20.Rfd1 Rc8 21.h3 Rhf8 22.Qd3
Na7 23.axb4 axb4 24.Nf6 Qb5 25.Qf3 Na8 26.Ne3 Rc7 27.Qh5 Nc6 28.Qxh6 Nb6 
29.Qxg5 b3 30.h4 Qb4 31.Qg4 Rh8 32.h5 Bf8 33.Rd3 Qb5 34.Rbd1 Na4 35.R3d2 
Nb4 36.Qe2 Qxe2 37.Rxe2 Bh6 38.Ra1 Na2 39.f4 Rhc8 40.Nfg4 Bf8 41.h6 Bb4 
42.Nd1 Be7 43.Re3 Rb7 44.Be1 Rh8 45.Rh3 Kc7 46.Bh4 Bxh4 47.Rxh4 Rb4 48.Nf6
Nb6 49.f5 Nd7 50.Nxd7 Kxd7 51.fxe6+ fxe6 52.Ne3 Ra4 53.Ng4 Kc6 54.Nf6 Kb5 
55.Re1 Ra7 56.Re3 Ka4 57.Rg3 Nc1 58.Kf1 Rf7 59.h7 1-0

[Event "7th Tournament of Peace"]
[Site "Zagreb CRO"]
[Date "2021.10.06"]
[Round "2"]
[White "Kozul, Zdenko"]
[Black "Brkic, Ante"]
[Result "1-0"]
[WhiteElo "2601"]
[BlackElo "2621"]
[EventDate "2021.10.05"]
[PlyCount "63"]

1.d4 Nf6 2.c4 e6 3.Nf3 d5 4.g3 dxc4 5.Bg2 a6 6.O-O Nc6 7.Nc3 Rb8 8.e4 Be7 
9.Bf4 O-O 10.Qe2 Nxd4 11.Nxd4 Qxd4 12.Rfd1 Qc5 13.e5 Nd7 14.Rd2 Re8 15.
Rad1 Nf8 16.Ne4 Qb5 17.Qe3 Qb6 18.Qf3 Ng6 19.Qh5 Qa5 20.Ng5 Bxg5 21.Qxg5 
h6 22.Qh5 c5 23.Be4 Qc7 24.Bxh6 gxh6 25.Bxg6 fxg6 26.Qxg6+ Kf8 27.Qxh6+ 
Qg7 28.Qh5 Qf7 29.Qh8+ Qg8 30.Qh4 b5 31.Rd8 Bb7 32.R1d7 1-0

[Event "7th Tournament of Peace"]
[Site "Zagreb CRO"]
[Date "2021.10.06"]
[Round "2"]
[White "Stevic, Hrvoje"]
[Black "Movsesian, Sergei"]
[Result "1/2-1/2"]
[WhiteElo "2570"]
[BlackElo "2627"]
[EventDate "2021.10.05"]
[PlyCount "39"]

1.e4 c5 2.c3 d5 3.exd5 Qxd5 4.d4 Nf6 5.Nf3 Bg4 6.Be2 e6 7.h3 Bh5 8.O-O Nc6
9.Be3 cxd4 10.cxd4 Be7 11.Nc3 Qd6 12.Qb3 O-O 13.Rfd1 Rfd8 14.Qxb7 Rab8 15.
Qa6 Rxb2 16.g4 Rb6 17.Qa4 Rb4 18.Qa6 Rb6 19.Qa4 Rb4 20.Qa6 1/2-1/2

[Event "7th Tournament of Peace"]
[Site "Zagreb CRO"]
[Date "2021.10.06"]
[Round "2"]
[White "Zelcic, Robert"]
[Black "Inarkiev, Ernesto"]
[Result "1/2-1/2"]
[WhiteElo "2522"]
[BlackElo "2668"]
[EventDate "2021.10.05"]
[PlyCount "170"]

1.e4 e5 2.Nf3 Nc6 3.Bb5 a6 4.Ba4 Nf6 5.O-O Be7 6.Bxc6 dxc6 7.Nc3 Nd7 8.d4 
Bd6 9.dxe5 Nxe5 10.Bf4 Ng6 11.Bxd6 Qxd6 12.Qxd6 cxd6 13.a4 a5 14.Nd2 Ke7 
15.f4 Rd8 16.Nc4 f6 17.Nb6 Ra6 18.Nxc8+ Rxc8 19.Rad1 Nf8 20.Rd3 Ne6 21.
Rfd1 Rd8 22.g3 Nc5 23.Rd4 Raa8 24.b3 Rd7 25.Kf2 g6 26.Kf3 f5 27.g4 Ne6 28.
R4d2 fxe4+ 29.Nxe4 d5 30.Ng3 Rf8 31.f5 Kd8 32.Ke3 gxf5 33.gxf5 Ng7 34.Rf2 
Re7+ 35.Kd2 Kd7 36.Rf4 Ne8 37.Re1 Rg7 38.Rh4 Rff7 39.Kd3 Rg5 40.c4 Nf6 41.
cxd5 Nxd5 42.Re5 b6 43.Rh6 Nf6 44.Ne4 Nxe4 45.Kxe4 Rg4+ 46.Kd3 Rb4 47.Kc3 
b5 48.Ree6 bxa4 49.Rd6+ Kc7 50.Rxc6+ Kb7 51.bxa4 Rxf5 52.Rce6 Rf3+ 53.Kc2 
Rf7 54.Kd3 Rd7+ 55.Rd6 Rxd6+ 56.Rxd6 Rh4 57.Rd5 Kb6 58.Rb5+ Ka6 59.Rf5 
Rxh2 60.Rf6+ Kb7 61.Kc4 Rh5 62.Re6 Kc7 63.Rf6 Kd7 64.Ra6 Kc7 65.Rf6 Kd8 
66.Rf7 h6 67.Rf6 Kc7 68.Rg6 Kd7 69.Ra6 Kc8 70.Rg6 Kc7 71.Rf6 Rh1 72.Kb5 h5
73.Kxa5 h4 74.Rh6 Kb7 75.Rh7+ Kc6 76.Ka6 h3 77.a5 Kd6 78.Ka7 h2 79.a6 Kc6 
80.Rh6+ Kc5 81.Rh5+ Kd4 82.Rh8 Ke4 83.Rh7 Kf4 84.Rh8 Kg3 85.Rg8+ Kh3 
1/2-1/2

[Event "7th Tournament of Peace"]
[Site "Zagreb CRO"]
[Date "2021.10.07"]
[Round "3"]
[White "Brkic, Ante"]
[Black "Bacrot, Etienne"]
[Result "1-0"]
[WhiteElo "2621"]
[BlackElo "2658"]
[EventDate "2021.10.05"]
[PlyCount "45"]

1.e4 c5 2.Nf3 d6 3.d4 cxd4 4.Nxd4 Nf6 5.Nc3 Nc6 6.Bg5 e6 7.Qd2 a6 8.O-O-O 
Bd7 9.f4 Be7 10.Nf3 b5 11.Bxf6 gxf6 12.Kb1 Qb6 13.f5 O-O-O 14.Bd3 Rdg8 15.
g3 Ne5 16.Rhf1 h5 17.Ne2 Kb8 18.Nf4 Qc5 19.Be2 Nxf3 20.Rxf3 h4 21.g4 Qe5 
22.Rb3 Qxe4 23.Bf3 1-0

[Event "7th Tournament of Peace"]
[Site "Zagreb CRO"]
[Date "2021.10.07"]
[Round "3"]
[White "Inarkiev, Ernesto"]
[Black "Bosiocic, Marin"]
[Result "1-0"]
[WhiteElo "2668"]
[BlackElo "2573"]
[EventDate "2021.10.05"]
[PlyCount "73"]

1.e4 c5 2.Nf3 Nc6 3.d4 cxd4 4.Nxd4 e5 5.Nb5 d6 6.N1c3 a6 7.Na3 Be6 8.Nc4 
Rb8 9.a4 Nf6 10.Bg5 Nb4 11.Nd5 Nbxd5 12.exd5 Bc8 13.a5 Be7 14.Be2 O-O 15.
Be3 Nd7 16.Qd2 f5 17.f3 Bh4+ 18.g3 f4 19.Bf2 Bg5 20.Qb4 Nf6 21.Qxd6 Bh3 
22.Qxe5 Bh6 23.Bb6 Qc8 24.Bc7 Re8 25.Bxb8 Rxe5 26.Bxe5 Nxd5 27.g4 Bxg4 28.
O-O-O Be6 29.Rd4 Ne3 30.Nxe3 fxe3 31.f4 g6 32.Rhd1 Kf7 33.R1d3 Qc6 34.Rc3 
Qg2 35.Rc7+ Ke8 36.Bf6 Bd5 37.Rxd5 1-0

[Event "7th Tournament of Peace"]
[Site "Zagreb CRO"]
[Date "2021.10.07"]
[Round "3"]
[White "Kovalenko, Igor"]
[Black "Stevic, Hrvoje"]
[Result "1-0"]
[WhiteElo "2647"]
[BlackElo "2570"]
[EventDate "2021.10.05"]
[PlyCount "77"]

1.e4 e5 2.Nf3 Nc6 3.Nc3 Nf6 4.Bb5 Bb4 5.Bxc6 dxc6 6.d3 Nd7 7.O-O O-O 8.Ne2
Re8 9.Ng3 Nf8 10.Kh1 Bd6 11.Bg5 f6 12.Be3 c5 13.Ng1 Ne6 14.N1e2 Nd4 15.b3 
Be6 16.f4 Qd7 17.Rf2 b5 18.Qd2 b4 19.Raf1 Rf8 20.f5 Bf7 21.Rg1 Be8 22.Nf1 
g5 23.g4 Rf7 24.h4 h6 25.Rg3 Rg7 26.Rh2 Bf7 27.hxg5 hxg5 28.Rh6 Be7 29.
Rgh3 Kf8 30.Neg3 Bg8 31.Rh8 a5 32.R3h6 a4 33.Nh5 axb3 34.cxb3 Nf3 35.Qe2 
Nd4 36.Bxd4 Qxd4 37.Nxg7 Kxg7 38.Qh2 Qxd3 39.R6h7+ 1-0

[Event "7th Tournament of Peace"]
[Site "Zagreb CRO"]
[Date "2021.10.07"]
[Round "3"]
[White "Movsesian, Sergei"]
[Black "Kozul, Zdenko"]
[Result "1/2-1/2"]
[WhiteElo "2627"]
[BlackElo "2601"]
[EventDate "2021.10.05"]
[PlyCount "35"]

1.d4 Nf6 2.Nf3 g6 3.g3 d5 4.Bg2 Bg7 5.O-O O-O 6.c4 c6 7.Qb3 Qb6 8.Nc3 Rd8 
9.Bd2 Bf5 10.Na4 Qxb3 11.axb3 Nbd7 12.Rfc1 h6 13.e3 g5 14.Bb4 e6 15.Nc5 
Nxc5 16.Bxc5 a6 17.Ne5 Nd7 18.Nxd7 1/2-1/2

[Event "7th Tournament of Peace"]
[Site "Zagreb CRO"]
[Date "2021.10.07"]
[Round "3"]
[White "Palac, Mladen"]
[Black "Zelcic, Robert"]
[Result "1/2-1/2"]
[WhiteElo "2517"]
[BlackElo "2522"]
[EventDate "2021.10.05"]
[PlyCount "41"]

1.d4 d5 2.Nf3 e6 3.Bf4 Bd6 4.e3 Bxf4 5.exf4 c5 6.dxc5 Qa5+ 7.Qd2 Qxc5 8.
Nc3 Nc6 9.Bd3 Nf6 10.O-O O-O 11.Rfe1 Bd7 12.Ne2 Rfd8 13.Ned4 Nxd4 14.Nxd4 
b5 15.a3 a5 16.c3 Qb6 17.Nc2 Bc6 18.Qe3 Qb7 19.Qh3 g6 20.Qh4 Ne4 21.Rad1 
1/2-1/2

[Event "7th Tournament of Peace"]
[Site "Zagreb CRO"]
[Date "2021.10.08"]
[Round "4"]
[White "Bosiocic, Marin"]
[Black "Palac, Mladen"]
[Result "0-1"]
[WhiteElo "2573"]
[BlackElo "2517"]
[EventDate "2021.10.05"]
[PlyCount "108"]

1.c4 e5 2.Nc3 Nf6 3.Nf3 Nc6 4.e3 Bb4 5.Qc2 Bxc3 6.bxc3 O-O 7.e4 d6 8.g3 
Kh8 9.Bg2 Ng8 10.Nh4 Nge7 11.d3 f5 12.exf5 Nxf5 13.Nf3 Qd7 14.Ng5 h6 15.
Ne4 b6 16.O-O Bb7 17.f4 Nfe7 18.Qe2 Rad8 19.g4 d5 20.cxd5 Qxd5 21.f5 Qxd3 
22.Qe1 Na5 23.Qh4 Bxe4 24.Bxh6 Bxg2 25.Bxg7+ Kxg7 26.Qxe7+ Rf7 27.Qg5+ Kf8
28.Rfd1 Qxd1+ 29.Rxd1 Rxd1+ 30.Kxg2 Rd6 31.Qe3 Nc4 32.Qe4 b5 33.Kg3 c6 34.
h4 Rd5 35.h5 Nd6 36.Qe3 Rxf5 37.Qxa7 Ne4+ 38.Kh4 Rf1 39.Qb8+ Ke7 40.Qc7+ 
Kf8 41.Qc8+ Ke7 42.Qc7+ Ke6 43.Qxc6+ Nd6 44.Qa8 Rh1+ 45.Kg5 e4+ 46.Kg6 e3 
47.Qg8+ Ke5 48.Qf8 Ke4 49.Qe7+ Kf4 50.Qf6+ Nf5 51.gxf5 e2 52.Qc6 Rg1+ 53.
Kh6 Rgd1 54.c4 Rd6+ 0-1

[Event "7th Tournament of Peace"]
[Site "Zagreb CRO"]
[Date "2021.10.08"]
[Round "4"]
[White "Kozul, Zdenko"]
[Black "Bacrot, Etienne"]
[Result "1/2-1/2"]
[WhiteElo "2601"]
[BlackElo "2658"]
[EventDate "2021.10.05"]
[PlyCount "157"]

1.d4 d5 2.c4 c6 3.Nf3 Nf6 4.Nc3 dxc4 5.e4 b5 6.Be2 e6 7.O-O Bb7 8.Rb1 Qc7 
9.e5 Nd5 10.Ng5 h6 11.Nge4 Nd7 12.Bh5 g6 13.Bg4 b4 14.Nd6+ Bxd6 15.exd6 
Qxd6 16.Ne4 Qc7 17.Be2 f5 18.Nc5 Nxc5 19.dxc5 Ba6 20.Re1 Kf7 21.Bd2 Qe7 
22.Bf3 Qxc5 23.Qe2 Rae8 24.Qe5 Qe7 25.Bxd5 cxd5 26.a3 b3 27.Bc3 Rh7 28.Re3
Bc8 29.Rbe1 Rd8 30.Qd4 Re8 31.h4 g5 32.h5 Kg8 33.f3 Qc7 34.Kf1 Qh2 35.Qxd5
Qxh5 36.Qxf5 e5 37.Qe4 Rf7 38.Kg1 g4 39.f4 Bf5 40.Qc6 Bd7 41.Qxc4 e4 42.
Qxb3 Qc5 43.Kh2 Qh5+ 44.Kg1 Qc5 45.g3 Bb5 46.Qb4 Qxb4 47.Bxb4 Bc6 48.Rc3 
Bb7 49.Kf2 Rd8 50.Ke3 Rf5 51.Bc5 a5 52.Bd4 Rb5 53.Rh1 Rbd5 54.Rd1 R8d7 55.
Rd2 Kf7 56.a4 h5 57.Rc5 Ke6 58.Rxd5 Bxd5 59.Bc3 h4 60.gxh4 Kf5 61.h5 Bc6 
62.Rxd7 Bxd7 63.b3 Be6 64.b4 axb4 65.Bxb4 g3 66.a5 Bc8 67.Bc5 Ba6 68.Bd4 
Bb7 69.Kd2 Ba6 70.Be3 Kf6 71.Bd4+ Kf5 72.Kc3 Be2 73.h6 Kg6 74.Be3 Kxh6 75.
Kd4 Bd3 76.Ke5 Kg6 77.f5+ Kf7 78.Bd4 g2 79.Be3 1/2-1/2

[Event "7th Tournament of Peace"]
[Site "Zagreb CRO"]
[Date "2021.10.08"]
[Round "4"]
[White "Movsesian, Sergei"]
[Black "Kovalenko, Igor"]
[Result "1/2-1/2"]
[WhiteElo "2627"]
[BlackElo "2647"]
[EventDate "2021.10.05"]
[PlyCount "24"]

1.e4 e5 2.Nf3 Nc6 3.Bc4 Bc5 4.d3 Nf6 5.Nc3 d6 6.a3 a6 7.Be3 Bxe3 8.fxe3 
Be6 9.Bxe6 fxe6 10.O-O O-O 11.Qe1 Qe8 12.Qg3 Qh5 1/2-1/2

[Event "7th Tournament of Peace"]
[Site "Zagreb CRO"]
[Date "2021.10.08"]
[Round "4"]
[White "Stevic, Hrvoje"]
[Black "Inarkiev, Ernesto"]
[Result "1-0"]
[WhiteElo "2570"]
[BlackElo "2668"]
[EventDate "2021.10.05"]
[PlyCount "77"]

1.e4 e5 2.Nf3 Nc6 3.Nc3 Nf6 4.d4 exd4 5.Nxd4 Bb4 6.Nxc6 bxc6 7.Bd3 d5 8.
exd5 O-O 9.O-O cxd5 10.h3 c6 11.Qf3 Bd6 12.Bf4 Rb8 13.b3 Rb4 14.Ne2 c5 15.
Rad1 Bb7 16.Bg5 Re8 17.Rfe1 c4 18.Bxf6 Qxf6 19.Qxf6 gxf6 20.Bxc4 dxc4 21.
Rxd6 Rb5 22.f3 Ra5 23.a4 Rae5 24.Kf2 cxb3 25.cxb3 Re3 26.b4 Bc8 27.Rd2 Kf8
28.Rc1 Ra3 29.a5 Rb3 30.Nf4 Be6 31.Rc7 f5 32.Rd4 Kg7 33.Rxa7 Kf6 34.Ra6 
Rb2+ 35.Kg3 Rg8+ 36.Kh2 Ke5 37.Rad6 Bc4 38.Nd3+ Bxd3 39.f4# 1-0

[Event "7th Tournament of Peace"]
[Site "Zagreb CRO"]
[Date "2021.10.08"]
[Round "4"]
[White "Zelcic, Robert"]
[Black "Brkic, Ante"]
[Result "1-0"]
[WhiteElo "2522"]
[BlackElo "2621"]
[EventDate "2021.10.05"]
[PlyCount "165"]

1.e4 c5 2.Nf3 d6 3.Bb5+ Nd7 4.d4 cxd4 5.Qxd4 a6 6.Bxd7+ Bxd7 7.Nc3 e5 8.
Qd3 Rc8 9.O-O Qc7 10.a4 Be6 11.Rd1 Qc4 12.Qe3 Nf6 13.h3 Be7 14.Nd2 Qc6 15.
Nf1 Rd8 16.Qe2 d5 17.exd5 Nxd5 18.Nxd5 Rxd5 19.Rxd5 Qxd5 20.Ne3 Qe4 21.b3 
O-O 22.Ba3 Bxa3 23.Rxa3 f5 24.a5 Rd8 25.Qh5 Qb4 26.Ra1 Qc3 27.Rd1 Rxd1+ 
28.Qxd1 Qxa5 29.Qd6 Kf7 30.b4 Qa1+ 31.Kh2 Qc3 32.Nd5 Qc6 33.Qe7+ Kg6 34.
Nc7 Bf7 35.Qxe5 h6 36.c3 Qf6 37.Qg3+ Kh7 38.Kg1 Qe7 39.h4 g5 40.hxg5 hxg5 
41.b5 a5 42.b6 a4 43.Nb5 f4 44.Qd3+ Bg6 45.Qh3+ Kg7 46.Qc8 Qe1+ 47.Kh2 
Qxf2 48.Qxb7+ Kh6 49.Qc6 Qg3+ 50.Kh1 Qh4+ 51.Kg1 Qe1+ 52.Kh2 Qg3+ 53.Kh1 
Qh4+ 54.Kg1 Qe1+ 55.Kh2 g4 56.Qf6 Qg3+ 57.Kh1 Qe1+ 58.Kh2 g3+ 59.Kh3 Qh1+ 
60.Kg4 Qd1+ 61.Kxf4 Qf1+ 62.Ke5 Qxb5+ 63.Kd4 Qd3+ 64.Kc5 Qe3+ 65.Kb4 Qe4+ 
66.c4 Kh7 67.Qd6 Qxg2 68.Qe7+ Kh6 69.Qh4+ Kg7 70.Qe7+ Kh6 71.Qh4+ Kg7 72.
Qe7+ Bf7 73.Qg5+ Kh7 74.Qh4+ Kg6 75.Qg4+ Kf6 76.Qf4+ Ke6 77.Qg4+ Ke5 78.
Qg5+ Kd4 79.Qf6+ Kd3 80.Qc3+ Ke4 81.b7 Qa2 82.Ka5 Qb1 83.Qxg3 1-0

[Event "7th Tournament of Peace"]
[Site "Zagreb CRO"]
[Date "2021.10.09"]
[Round "5"]
[White "Bacrot, Etienne"]
[Black "Zelcic, Robert"]
[Result "1-0"]
[WhiteElo "2658"]
[BlackElo "2522"]
[EventDate "2021.10.05"]
[PlyCount "83"]

1.e4 c6 2.Nf3 d5 3.d3 dxe4 4.dxe4 Qxd1+ 5.Kxd1 Nf6 6.Nfd2 Ng4 7.Ke1 e5 8.
Nb3 a5 9.Bd2 a4 10.Nc1 f5 11.Nc3 a3 12.b3 Bc5 13.Nd3 Bd4 14.Rd1 Na6 15.f3 
Nf6 16.g3 O-O 17.h3 b5 18.Bg2 Nc5 19.Nxc5 Bxc5 20.Ne2 Be6 21.Rf1 fxe4 22.
fxe4 Nh5 23.Bc3 Rxf1+ 24.Bxf1 Rf8 25.Rd3 Nf6 26.Bxe5 Nxe4 27.Bd4 Bb4+ 28.
c3 Ba5 29.Bg2 Bf5 30.Rf3 Ng5 31.Re3 Ne6 32.Bxc6 Nxd4 33.Nxd4 Bb1 34.Nxb5 
Bxa2 35.Bd5+ Kh8 36.Nxa3 h6 37.Bc4 Ra8 38.Nb5 Rb8 39.Nd4 Bb6 40.Kd2 Bb1 
41.Bd3 Ba2 42.Bc2 1-0

[Event "7th Tournament of Peace"]
[Site "Zagreb CRO"]
[Date "2021.10.09"]
[Round "5"]
[White "Brkic, Ante"]
[Black "Bosiocic, Marin"]
[Result "1-0"]
[WhiteElo "2621"]
[BlackElo "2573"]
[EventDate "2021.10.05"]
[PlyCount "99"]

1.e4 e5 2.Nf3 Nc6 3.Bb5 a6 4.Ba4 Nf6 5.O-O Be7 6.d3 d6 7.c3 O-O 8.Re1 Re8 
9.h3 b5 10.Bc2 Bf8 11.Bg5 h6 12.Bh4 Be7 13.a4 Rb8 14.axb5 axb5 15.Nbd2 Nh7
16.Bg3 Ng5 17.d4 Nxf3+ 18.Nxf3 Bf6 19.Bb3 Qe7 20.d5 Nd8 21.Ra7 Nb7 22.Bc2 
Bd7 23.b4 Rec8 24.Bb3 g6 25.Qd2 Kh7 26.Nh2 Nd8 27.f4 Ra8 28.Rxa8 Rxa8 29.
Nf3 Bg7 30.c4 bxc4 31.Bxc4 Ra3 32.Re3 Ra1+ 33.Kh2 exf4 34.Bxf4 Rb1 35.Bg3 
Bc8 36.Re2 Qe8 37.Bd3 Rb2 38.Qe1 Rb3 39.Bc2 Rb2 40.e5 dxe5 41.Bxg6+ fxg6 
42.Rxb2 e4 43.Rc2 c6 44.d6 Bf5 45.Nh4 Ne6 46.Rc4 Qd7 47.Qf2 Ng5 48.Nxf5 
gxf5 49.Rc5 Kg6 50.h4 1-0

[Event "7th Tournament of Peace"]
[Site "Zagreb CRO"]
[Date "2021.10.09"]
[Round "5"]
[White "Inarkiev, Ernesto"]
[Black "Movsesian, Sergei"]
[Result "1/2-1/2"]
[WhiteElo "2668"]
[BlackElo "2627"]
[EventDate "2021.10.05"]
[PlyCount "41"]

1.d4 Nf6 2.c4 e6 3.Nc3 Bb4 4.f3 d5 5.a3 Bxc3+ 6.bxc3 c5 7.cxd5 Nxd5 8.dxc5
Qa5 9.e4 Nf6 10.Be3 O-O 11.Qb3 Nfd7 12.a4 Qc7 13.Qa3 b6 14.Ne2 Ba6 15.c4 
Nc6 16.cxb6 Nxb6 17.Nc3 Nxc4 18.Bxc4 Bxc4 19.Qc5 Qa5 20.Kf2 Rfc8 21.Qxa5 
1/2-1/2

[Event "7th Tournament of Peace"]
[Site "Zagreb CRO"]
[Date "2021.10.09"]
[Round "5"]
[White "Kovalenko, Igor"]
[Black "Kozul, Zdenko"]
[Result "1/2-1/2"]
[WhiteElo "2647"]
[BlackElo "2601"]
[EventDate "2021.10.05"]
[PlyCount "115"]

1.e4 c5 2.c3 Nf6 3.e5 Nd5 4.Bc4 e6 5.Nf3 d6 6.d4 cxd4 7.cxd4 Be7 8.O-O O-O
9.Qe2 Bd7 10.Nc3 Nxc3 11.bxc3 Bc6 12.exd6 Bxd6 13.Ne5 Bxe5 14.Qxe5 Qh4 15.
Bg5 Qg4 16.f3 Qh5 17.Qg3 Nd7 18.Bd3 h6 19.Bf4 b5 20.Rfe1 a6 21.h4 Bd5 22.
a4 Rfc8 23.Bd2 Nb6 24.Qh3 g5 25.axb5 axb5 26.hxg5 Qxh3 27.gxh3 Rxa1 28.
Rxa1 hxg5 29.Bxb5 Bxf3 30.Ra6 Nd5 31.Ra3 Be4 32.Bf1 f6 33.c4 Nb6 34.Re3 
Bf5 35.Rc3 Kf7 36.Kf2 Kg6 37.Rc1 Ra8 38.Bb4 Be4 39.Bc5 Nd7 40.Bd6 f5 41.c5
Ra2+ 42.Kg1 Bc6 43.Re1 Nf6 44.Rxe6 Bd5 45.Re1 Ne4 46.Be5 f4 47.Bg2 Nf6 48.
Bxd5 Nxd5 49.Bd6 Rc2 50.Re6+ Kh5 51.Re5 Ne3 52.c6 Rxc6 53.Be7 Kh4 54.Kf2 
Kxh3 55.Rxg5 Rc3 56.Rh5+ Kg4 57.Rg5+ Kh3 58.Rh5+ 1/2-1/2

[Event "7th Tournament of Peace"]
[Site "Zagreb CRO"]
[Date "2021.10.09"]
[Round "5"]
[White "Palac, Mladen"]
[Black "Stevic, Hrvoje"]
[Result "1/2-1/2"]
[WhiteElo "2517"]
[BlackElo "2570"]
[EventDate "2021.10.05"]
[PlyCount "54"]

1.e4 e5 2.Nf3 Nc6 3.Bb5 a6 4.Ba4 Nf6 5.O-O Be7 6.Re1 b5 7.Bb3 d6 8.c3 O-O 
9.h3 Nb8 10.d4 Nbd7 11.Bc2 Bb7 12.Nbd2 Re8 13.Nf1 Bf8 14.Ng3 g6 15.a4 c5 
16.d5 c4 17.Bg5 h6 18.Be3 Qc7 19.Qd2 h5 20.Ra3 Nc5 21.Rea1 Nfd7 22.Bh6 Be7
23.Bg5 Bf8 24.Be3 Nb6 25.axb5 axb5 26.Rxa8 Rxa8 27.Rxa8 Bxa8 1/2-1/2

[Event "7th Tournament of Peace"]
[Site "Zagreb CRO"]
[Date "2021.10.10"]
[Round "6"]
[White "Kovalenko, Igor"]
[Black "Inarkiev, Ernesto"]
[Result "1-0"]
[WhiteElo "2647"]
[BlackElo "2668"]
[EventDate "2021.10.05"]
[PlyCount "93"]

1.e4 c5 2.Nf3 d6 3.d4 cxd4 4.Nxd4 Nf6 5.Nc3 a6 6.Be2 e6 7.Be3 Nbd7 8.O-O 
b5 9.f3 Bb7 10.a3 Be7 11.Qe1 Rc8 12.Qg3 O-O 13.Rad1 Ne5 14.Kh1 Re8 15.Nb3 
Qc7 16.Rd2 Ba8 17.Nd4 Rb8 18.Bh6 Bf8 19.Bg5 Nfd7 20.Nd1 f6 21.Be3 Nb6 22.
b3 Ng6 23.Bd3 Nd7 24.h4 Nc5 25.b4 Nxd3 26.cxd3 Rbc8 27.Nf2 d5 28.Qh3 Qd6 
29.h5 Ne5 30.h6 g6 31.f4 Nd7 32.Nf3 e5 33.fxe5 fxe5 34.Ng4 Be7 35.d4 dxe4 
36.dxe5 Qe6 37.Nd4 Qc4 38.Rdf2 Bd5 39.Nf6+ Bxf6 40.exf6 Ne5 41.Qg3 Qd3 42.
f7+ Nxf7 43.Qf4 Rf8 44.Ne6 Bxe6 45.Qf6 Nxh6 46.Qxe6+ Kg7 47.Qe7+ 1-0

[Event "7th Tournament of Peace"]
[Site "Zagreb CRO"]
[Date "2021.10.10"]
[Round "6"]
[White "Kozul, Zdenko"]
[Black "Zelcic, Robert"]
[Result "1/2-1/2"]
[WhiteElo "2601"]
[BlackElo "2522"]
[EventDate "2021.10.05"]
[PlyCount "27"]

1.d4 d5 2.c4 e6 3.Nf3 c5 4.cxd5 exd5 5.g3 Nc6 6.Bg2 Nf6 7.O-O Be7 8.Nc3 
O-O 9.Bg5 c4 10.Ne5 Be6 11.Nxc6 bxc6 12.e3 h6 13.Bxf6 Bxf6 14.b3 1/2-1/2

[Event "7th Tournament of Peace"]
[Site "Zagreb CRO"]
[Date "2021.10.10"]
[Round "6"]
[White "Movsesian, Sergei"]
[Black "Palac, Mladen"]
[Result "1/2-1/2"]
[WhiteElo "2627"]
[BlackElo "2517"]
[EventDate "2021.10.05"]
[PlyCount "59"]

1.e4 c5 2.Nf3 d6 3.d4 cxd4 4.Nxd4 Nf6 5.Nc3 a6 6.g3 e5 7.Nf3 Be7 8.Bg2 O-O
9.O-O b5 10.a4 b4 11.Nd5 Nxd5 12.Qxd5 Ra7 13.Be3 Be6 14.Qd3 Rb7 15.Nd2 a5 
16.f4 f6 17.Bh3 Bf7 18.Rfd1 Qc7 19.Rac1 Nd7 20.b3 Nc5 21.Qe2 exf4 22.gxf4 
Re8 23.Bg2 Bf8 24.Re1 Rbb8 25.Qf2 Rbd8 26.Bd4 d5 27.e5 fxe5 28.Bxe5 Qc8 
29.Kh1 Bg6 30.Bd4 1/2-1/2

[Event "7th Tournament of Peace"]
[Site "Zagreb CRO"]
[Date "2021.10.10"]
[Round "6"]
[White "Stevic, Hrvoje"]
[Black "Brkic, Ante"]
[Result "1/2-1/2"]
[WhiteElo "2570"]
[BlackElo "2621"]
[EventDate "2021.10.05"]
[PlyCount "48"]

1.e4 e5 2.Nf3 Nc6 3.Bb5 a6 4.Ba4 Nf6 5.O-O Nxe4 6.d4 b5 7.Bb3 d5 8.dxe5 
Be6 9.Nbd2 Nc5 10.c3 Be7 11.Bc2 d4 12.cxd4 Nxd4 13.Nxd4 Qxd4 14.Nf3 Qxd1 
15.Rxd1 O-O 16.Bg5 Bxg5 17.Nxg5 h6 18.Bh7+ Kh8 19.Nxe6 Nxe6 20.Be4 Rad8 
21.Rac1 c5 22.b3 g5 23.g3 Kg7 24.Kg2 Rfe8 1/2-1/2